Statistics for Which South American Country?

Click here to take the quiz!

General Stats

  • This quiz has been taken 35,690 times
    (35,660 since last reset)
  • The average score is 10 of 15

Answer Stats

QuestionAnswer% Correct
Where was the capital of the Inca Empire?Peru
93%
Where was Pablo Escobar's cartel based?Colombia
91%
Which country claims the Falkland Islands?Argentina
88%
Which of these country's official language is Spanish?Uruguay
86%
Which country is named after a person?Bolivia
79%
Which country was colonized by the Dutch?Suriname
77%
Which of these nations has won the men's FIFA World Cup?Uruguay
76%
Which country is derived from the name of a Periodic Table element?Argentina
67%
Who won the War of the Pacific?Chile
62%
Where is the city of Recife?Brazil
59%
What country is Easter Island a part of?Chile
59%
The Earth is not a perfect sphere, it bulges in the center. Because of this, the summit of Mount Chimborazo is the point on Earth furthest from the Earth's center. Where would you find Mount Chimborazo?Ecuador
53%
Iguazu Falls is on the border between Brazil and what other country?Argentina
51%
Where is most of the Orinoco River?Venezuela
49%
Which country was part of the Brazilian Empire?Uruguay
43%

Score Distribution

Percentile by Number Answered

Percent of People with Each Score

Your Score History

You have not taken this quiz since the last reset